000
00319nam a2200133Ia 4500
005
20251222141916.0
008
251222s9999||||xx |||||||||||||| ||spa||
020
_a
84-313-1575-X
082
_a
657/P43
100
_a
Pereira Soler, Fernando
245
0
_a
Contabilidad para dirección
250
_a
16a. ed.
942
_c
LIB
999
_c
8565
_d
8565